000 00986cam a2200241 4500
001 J125821
008 040406n2004 000 0 eng u
035 _a(Sirsi) u125821
041 _aeng
050 _a692.8
_c18
110 _aJoint Contracts Tribunal
_93664
245 _aJCT major project form sub-contract guidance note 2004 edition
260 _aLondon
_bRIBA Enterprises
_c2004
300 _a28p.
_c30cm.
350 _a35
520 _aGuidance note to accompany the "JCT major project form sub-contract" (J125750). Discusses: key features; the sub-contract; the sub-contract conditions; appendices A and B; requirements; proposals; and the pricing document.
650 _aSUBCONTRACTS
650 _aJCT MAJOR PROJECT FORM (2003 EDITION)
650 _aBUILT ENVIRONMENT-BUILDING CONTRACT FORMS-STANDARD FORMS OF BUILDING CONTRACT-JOINT CONTRACTS TRIBNUAL CONTRACTS
650 _aMAJOR PROJECTS
690 _aBUILT ENVIRONMENT-BUILDING CONTRACT FORMS
942 _n0
999 _c103478
_d103478